000 00363nam a2200133Ia 4500
008 240624s9999 xx 000 0 und d
041 _aeng
082 _a828 BRO
100 _aBROWN JUDITH M
245 _aWINDOWS INTO THE PAST LIFE HISTORIES AND
260 _c2011
_aNew Delhi
_bOxford University Press
300 _axii, : 118 : p. : cm. ; 24
365 _cRS
_b31
999 _c19684
_d19684